00229nas a2200085Ia 4500008004100000040001900041041001200060245003300072260003800105140107s9999 xx 000 0 und d aLoreto College aEnglish aGeographical Review of India bThe Geographical Society of India